00676nam a2200157 a 450000100100000000500170001000800410002704000250006808200150009324500860010826001120019430000360030671000460034295201130038899900170050100003714820200930080154.0120217s1970 mx 000 0 spa d aDO-SdBNPbspacBNPHU axxxxbE55f00aEmpaque de frutas y legumbres y de otros productos frescos en el almacen central. aMéxico :bServicio de Investigaciones Agricolas, Departamento de Agricultura de los EE. UU. de A.,c1970. a106 p. :bils., retr. ;c27 cm.2 aCentro Regional de Ayuda Técnica949164 001050718MOaGRbGRcCTd2012-02-17iLF1l0oxxxx E55fp37148-10r2020-06-25w2020-06-25y1ZNo se presta c36638d36638